|
|
|
|
| LEADER |
00681nam a2200205 a 4500 |
| 001 |
000569937 |
| 003 |
CZ BrMZK |
| 005 |
20070309110958.0 |
| 007 |
ta |
| 008 |
000105s1989 gw ger d |
| 040 |
|
|
|a BOA001
|b cze
|c BOA001
|
| 080 |
|
|
|a 830-991
|2 MRF
|
| 100 |
1 |
|
|a Alt, Franz,
|d 1938-
|7 jn20010602705
|
| 245 |
1 |
0 |
|a Jesus - der erste neue Mann /
|c Franz Alt
|
| 260 |
|
|
|a München :
|b R. Piper & Co.,
|c 1989
|
| 300 |
|
|
|a 182 s.
|
| 910 |
|
|
|a BOA001
|b 1-0988.229
|
| 990 |
|
|
|a BK
|
| 996 |
7 |
|
|b 2619614229
|c 1-0988.229
|l MZK
|r Sklad / do 1 hodiny
|n 0
|w 000569937
|u 000020
|a 1
|e BOA001
|j MZK50
|s A
|
| 996 |
7 |
|
|b 2619614230
|c 1-0988.229
|l MZK
|r Sklad / do 1 hodiny
|n 0
|w 000569937
|u 000010
|a 1
|e BOA001
|j MZK50
|s A
|